| 000 | 00540nam a22001817a 4500 | ||
|---|---|---|---|
| 003 | CEME | ||
| 005 | 20210628202920.0 | ||
| 008 | 210126b xxu||||| |||| 00| 0 eng d | ||
| 020 | _a0-470-01613-2 | ||
| 040 | _c. | ||
| 082 | _a620.0042 RAP | ||
| 100 |
_aHopkinson, N Dickens, J .M Hague, N _962290 |
||
| 245 | _aRapid manufacturing an industrial revolution for the digital age | ||
| 260 |
_aUSA _bJOHN WILEY _c2006 |
||
| 300 | _aXVIII' 285 P | ||
| 650 |
_aRAPID PROTOTYPING, RAPID TOLLING.RAPID MANUFACTURING _962291 |
||
| 942 |
_cBK _2ddc |
||
| 999 |
_c571442 _d571442 |
||